000 00326nam a22001457a 4500
008 210609b ||||| |||| 00| 0 eng d
020 _a9780324100983
041 _aeng
080 _217th
_a330.722.6
082 _a330.722.6
100 _a62
101 _aKF
245 _aCollege Accounting
_cHeintz,J.A
942 _2udc
_cBK
999 _c58074
_d58074